000
00411nam a2200145Ia 4500
008
100122s9999 xx 000 0 und d
082
_b
4520
_a
823
100
_a
दिक्षित चं ग
245
_a
सौ वहिनी साहेब
260
_c
1924
300
_a
50
630
_a
सौ वहिनी साहेब
730
_a
सौ वहिनी साहेब
942
_c
BOOK
999
_c
398089
_d
398086